Principles of interactive computer graphics /
Spremljeno u:
| Glavni autor: | |
|---|---|
| Daljnji autori: | |
| Format: | Sách giấy |
| Jezik: | English |
| Izdano: |
:
,
1981
|
| Oznake: |
Dodaj oznaku
Bez oznaka, Budi prvi tko označuje ovaj zapis!
|
| Thư viện lưu trữ: | Thư viện Trường Đại học Đà Lạt |
|---|
| LEADER | 00604nam a2200253 4500 | ||
|---|---|---|---|
| 001 | DLU020017173 | ||
| 005 | ##3/21/2001 | ||
| 020 | # | # | |a 978- |
| 041 | # | # | |a eng |
| 082 | # | # | |a 006.6 |b NE-R |
| 100 | # | # | |a Newman, William M. |
| 245 | # | # | |a Principles of interactive computer graphics / |c William M. Newman, Robert F. Sproull |
| 260 | # | # | |a : |b , |c 1981 |
| 300 | # | # | |a 541 tr., X; |c 21 cm. |
| 700 | # | # | |a Sproull, Robert F. |
| 992 | # | # | |a 49600 |
| 994 | # | # | |a DLU |
| 900 | # | # | |a False |
| 911 | # | # | |a Administrator |
| 925 | # | # | |a G |
| 926 | # | # | |a A |
| 927 | # | # | |a SH |
| 980 | # | # | |a Thư viện Trường Đại học Đà Lạt |